00959nam a2200253Ia 4500003000400000005001700004006001800021007000300039008004100042024001100083037001100094040001800105041001300123100001800136110009000154245024800244260000900492300001800501650002700519700003800546700009000584942001200674999001900686OSt20220930090339.0a|||||r|||| 00| 0ta220926b |||||||| |||| 00| 0 eng d a109289 cTheses aCRLcCRLbeng 2engaeng aPandey Rachna aUniversity of Delhi. Faculty of Medical Sciences. Department of Ophthalmology9520086 0aDetermination of the efficacy, predictability and safety of laser assisted in situ keratomileusis (LASIK) for correction of residual refractive errors following cataract surgery performed by phacoemulsification and conventional ECCE techniques c2011 a99p.ap.ccm. aEYE - DISEASES9197938 a Dr. J. K. S. Parihar Gu.9540720 aUniversity of Delhi. Faculty of Medical Sciences. Department of Ophthalmology9520088 cDIS2CC c880427d880427